"The Voice" U.S. Version Winners - Statistics

General Stats
  • This quiz has been taken 34 times
    18 since last reset
  • The average score is 11 of 18
Answer Stats
Season # Winner % Correct
14 Brynn Cartelli
83%
1 Javier Colon
83%
10 Alisan Porter
75%
3 Cassadee Pope
75%
9 Jordan Smith
75%
5 Tessanne Chin
75%
7 Craig Wayne Boyd
67%
2 Jermaine Paul
67%
11 Sundance Head
67%
12 Chris Blue
58%
4 Danielle Bradbery
58%
17 Jake Hoot
58%
6 Josh Kaufman
58%
8 Sawyer Fredericks
58%
15 Chevel Shepherd
50%
13 Chloe Kohanski
50%
16 Maelyn Jarmon
42%
18 Todd Tilghman
42%
No matching quizzes found
Score Distribution
Percent of People with Each Score
Percentile by Number Answered
Your Score History
You have not taken this quiz since the last reset